| 000 | 00761nam a22002417a 4500 | ||
|---|---|---|---|
| 003 | LK-CoDNM | ||
| 005 | 20241104142754.0 | ||
| 008 | 241015b |||||||| |||| 00| 0 eng d | ||
| 040 |
_aLK-CoDNM _dLK-CoDNM _eLK-CoDNM |
||
| 041 | _asin | ||
| 080 |
_aප්ර.ස _b91 |
||
| 100 | _aකේ. ඩී. ද ලැනරෝල් | ||
| 245 |
_aසිංහල දරුවා-1939 _b3 කාණ්ඩය 11-12 කලාපය |
||
| 260 | _c1939 | ||
| 300 | _b16p. ; 25 cm | ||
| 650 | _aසිංහල දරුවා-1939 | ||
| 650 | _a3 කාණ්ඩය 11-12 කලාපය | ||
| 650 | _aමාසික සගරාව | ||
| 650 | _aප්ර.ස 91 | ||
| 650 | _a1939 | ||
| 650 | _aකේ. ඩී. ද ලැනරෝල් | ||
| 942 | _cBK | ||
| 999 |
_c226366 _d226366 |
||